| LEADER 00000nama 2200000uu 4500 |
| 001 197407 |
| 003 ULIBM |
| 008 040531s|||| th m m a000 0 tha d |
| 020 978-974-323-923-6 |
| 041 tha |
| 050 QC981.8G56 ก363 2550 |
| 100 กอร์,อัล. |
| 245 โลกร้อน : ความจริงที่ไม่มีใครอยากฟัง = An inconvenient troth เปิดโปงวิกฤตสิ่งแวดล้อมและทางรอดของมวลมนุษย์ / อัล กอร์ ; ผู้แปล คุณากร |
| 250 พิมพ์ครั้งที่ 4. |
| 260 กรุงเทพฯ มติชน. 2550. |
| 300 325 หน้า. |
| 440 สารคดี. |
| 500 แปลจากAn inconvenient troth. |
| 650 1. การอุ่นขึ้นของโลก--วรรณกรรมสำหรับเด็ก. 2. ปรากฎการณ์เรือนกระจก--วรรณกรรมเด็ก. 3. การเปลี่ยนแปลงภูมิอากาศโลก--วรรณกรรมเด็ก. |
| 995 001 |